<?xml version="1.0" encoding="UTF-8"?>
<record
    xmlns:xsi="http://www.w3.org/2001/XMLSchema-instance"
    xsi:schemaLocation="http://www.loc.gov/MARC21/slim http://www.loc.gov/standards/marcxml/schema/MARC21slim.xsd"
    xmlns="http://www.loc.gov/MARC21/slim">

  <leader>00654nam a22001817a 4500</leader>
  <controlfield tag="003">UA-OsUOA</controlfield>
  <controlfield tag="001"> 16165 </controlfield>
  <controlfield tag="007">ta</controlfield>
  <controlfield tag="008">20031222b un ||||| |||| 00| 0 ukr d</controlfield>
  <datafield tag="100" ind1=" " ind2=" ">
    <subfield code="a">&#x424;&#x440;&#x430;&#x43D;&#x43A;&#x43E; &#x422;.</subfield>
  </datafield>
  <datafield tag="942" ind1=" " ind2=" ">
    <subfield code="c">SA</subfield>
  </datafield>
  <datafield tag="040" ind1=" " ind2=" ">
    <subfield code="a">UA-OsUOA</subfield>
    <subfield code="c">UA-OsUOA</subfield>
    <subfield code="d">UA-OsUOA</subfield>
  </datafield>
  <datafield tag="245" ind1=" " ind2=" ">
    <subfield code="a">&#x421;&#x43E;&#x446;&#x456;&#x430;&#x43B;&#x44C;&#x43D;&#x456; &#x441;&#x43B;&#x443;&#x436;&#x431;&#x438; &#x437;&#x430;&#x442;&#x440;&#x435;&#x431;&#x443;&#x432;&#x430;&#x43D;&#x456; &#x43D;&#x430; &#x441;&#x435;&#x43B;&#x456;: [&#x41F;&#x440;&#x43E; &#x440;&#x43E;&#x431;&#x43E;&#x442;&#x443; &#x441;&#x456;&#x43B;. &#x446;&#x435;&#x43D;&#x442;&#x440;&#x456;&#x432; &#x441;&#x43E;&#x446;. &#x441;&#x43B;&#x443;&#x436;&#x431; &#x434;&#x43B;&#x44F; &#x43C;&#x43E;&#x43B;&#x43E;&#x434;&#x456; &#x443; &#x420;&#x430;&#x434;&#x438;&#x432;&#x438;&#x43B;&#x456;&#x432;. &#x440;-&#x43D;&#x456;]</subfield>
  </datafield>
  <datafield tag="300" ind1=" " ind2=" ">
    <subfield code="a">&#x421;.4</subfield>
  </datafield>
  <datafield tag="955" ind1=" " ind2=" ">
    <subfield code="a">0</subfield>
  </datafield>
  <datafield tag="773" ind1="0" ind2=" ">
    <subfield code="w">0</subfield>
    <subfield code="t">&#x41F;&#x440;&#x430;&#x43F;&#x43E;&#x440; &#x43F;&#x435;&#x440;&#x435;&#x43C;&#x43E;&#x433;&#x438;</subfield>
    <subfield code="d">&#x420;&#x430;&#x434;&#x438;&#x432;&#x438;&#x43B;&#x456;&#x432;</subfield>
    <subfield code="d">2003</subfield>
    <subfield code="g">&#x2116;96/ 28 &#x43B;&#x438;&#x441;&#x442;&#x43E;&#x43F;./</subfield>
  </datafield>
  <datafield tag="650" ind1=" " ind2="7">
    <subfield code="a">&#x41A;&#x440;&#x430;&#x454;&#x437;&#x43D;&#x430;&#x432;&#x447;&#x430; &#x440;&#x43E;&#x431;&#x43E;&#x442;&#x430;</subfield>
    <subfield code="2">UDC</subfield>
  </datafield>
  <datafield tag="999" ind1=" " ind2=" ">
    <subfield code="c">302330</subfield>
    <subfield code="d">302330</subfield>
  </datafield>
</record>
